| 000 | 00374cam a2200145ua 4500 | ||
|---|---|---|---|
| 041 |
_aeng _h |
||
| 082 |
_a828.09 _bBYW/AR |
||
| 100 | _aBywater, Ingram . | ||
| 245 |
_aAristotle on the art of poetry / _cIngram Bywater. _hTextual Documents |
||
| 260 |
_aLondon : _bOxford University Press , _c1962. |
||
| 300 | _a95 ; . | ||
| 504 | _a | ||
| 942 | _cBK | ||
| 999 |
_c8641 _d8641 |
||